000 00689nam a22002177a 4500
999 _c4112
_d4112
001 4112
003 BD-JhCC
005 20171122205341.0
008 171122s1986 bg |||| ||a| 00| 0 en d
035 _a(BD-JhCC)4112
040 _aBD-JhCC
_dBD-JhCC
041 _aben
082 _a297.18
_bHUD 1976
100 _aহুদা, সৈয়দ শামসুল
245 _aহযরত নিয়ামুদ্দীন আউলিয়া রহ. /
_cসৈয়দ শামসুল হুদা
260 _aঢাকা :
_bইফাবা প্রকাশনা,
_c1986.
300 _a23 p. :
_c18 cm.
650 _aMuslim legend
942 _2ddc
_cBK